Alle Länder Asiens in 5 Minuten (mit Karte) - Statistiken

Allgemein
  • Dieses Quiz wurde 336 mal gespielt
  • Das Durchschnittsergebnis liegt bei 40 aus 49
Antworten auf der Karte
Die Antworten werden auf der Karte rot bzw. grün angezeigt, abhängig davon wie oft sie richtig erraten wurden.
 
Antwortstatistiken
Länder % Korrekt
China
100%
Indien
98%
Japan
98%
Nordkorea
97%
Südkorea
97%
Türkei
96%
Iran
95%
Kasachstan
94%
Indonesien
93%
Irak
93%
Saudi-Arabien
93%
Israel
92%
Mongolei
92%
Thailand
92%
Afghanistan
90%
Jemen
90%
Pakistan
90%
Vietnam
89%
Nepal
88%
Oman
87%
Bangladesch
86%
Philippinen
86%
Sri Lanka
86%
Singapur
85%
Vereinigte Arabische Emirate
85%
Georgien
84%
Syrien
84%
Armenien
82%
Kirgistan
82%
Turkmenistan
82%
Zypern
82%
Malaysia
81%
Tadschikistan
81%
Usbekistan
81%
Laos
80%
Myanmar
80%
Aserbaidschan
78%
Katar
78%
Bhutan
77%
Jordanien
77%
Kambodscha
77%
Libanon
76%
Bahrain
70%
Kuwait
65%
Malediven
65%
Brunei
63%
Osttimor
63%
Russland
28%
Ägypten
12%
Keine übereinstimmenden Quizze gefunden
Verteilung der Resultate
Anzahl Personen mit jedem Resultat
Perzentil nach korrekt beantworteten Fragen
Ihre Resultats-Entwicklung
Sie haben dieses Quiz noch nicht gespielt